• 首页
  • 本馆介绍
  • 公告通知
  • 最新文献
  • 馆藏检索
  • 电子资源
  • 读者导购
  • 参考咨询
  • 我的图书馆
  • 登录
  • 详细信息显示
  • 放入我的书架
  • 预约/预借图书
  • 作者相关作品
  • 分类相关作品
  • 丛书相关作品
  • 出版社相关作品

书目信息

  • 表格格式
  • 工作单格式
  • 卡片格式
题名:
比较政治制度
    
 
作者: 佐藤功 著 ;刘庆林 , 张光博 译
分册:  
出版信息: 北京   法律出版社  1984
页数: 351页
开本: 19cm
丛书名:
单 册:
中图分类: D731.321
科图分类:
主题词: 政治制度--日本
电子资源:
ISBN:
000 00724nam0 2200253 45
001 0184001449
005 20050627160013.8
010    @dCNY1.50
091    @a6004.768
100    @a19951014d1984 em y0chiy0121 ea
101 1  @achi@cjpn
102    @aCN@b110000
105    @ay z 000yy
200 10 @a比较政治制度@Abi jiao zheng zhi zhi du@f(日)佐藤功著@F(Ri)Zuo Teng Gong Zhu@g刘庆林,张光博译
210    @a北京@c法律出版社@d1984
215    @a351页@d19cm
606    @a政治制度@y日本
690    @aD731.321@v3
701  0 @a佐藤功@4著
702  0 @a刘庆林@4译@Aliu qing lin
702  0 @a张光博@4译@Azhang guang bo
801  0 @aCN@b深圳图书馆@c20040425
801  2 @aCN@bNLC@c20040425
905    @dD731.321@e88@f1@b155328
    
    比较政治制度/(日)佐藤功著/刘庆林,张光博译.-北京:法律出版社,1984
    351页;19cm
    
    
    ISBN :CNY1.50
    
●
相关链接 在E读中查询图书 在五车中查询图书 在当当中查询图书 在豆瓣中查询图书


正题名:比较政治制度     索取号:D731.321/88         预约/预借

序号 登录号 条形码 馆藏地/架位号 状态 备注
1 0155326   001014618   第一借阅区/ [索取号:D731.321/88] 在馆    
2 0155327   001014636   密集书库/ [索取号:D731.321/88] 在馆    
唐山师范学院图书馆 欢迎您!
大连网信软件有限公司© 版权所有